000
00273nam a2200121Ia 4500
008
240624s9999 xx 000 0 und d
041
_a
eng
082
_a
610 GOS
100
_a
GOSWAMI AMIT
245
_a
QUANTUM DOCTOR
260
_c
2011
_a
Mumbai
_b
Jaico Book
365
_c
RS
999
_c
30778
_d
30778